000 00728nam a2200253Ia 4500
003 OSt
005 20220926030146.0
006 a|||||r|||| 00| 0
007 ta
008 220923b |||||||| |||| 00| 0 eng d
020 _cRs 70.00
037 _b640, 25/09/1985, Sehgal
_cGeneral Book
040 _aRTL
_cRTL
_beng
041 _2eng
_aeng
082 _aY15:6.273.N8, M5
100 _aJha K N
_964259
245 0 _aWomen towards modernization
260 _aPatna
_bJanaki Prakashan
_c1985
300 _avi,123p
_ccm.
500 _aBibliography: p 121-123
650 _aWomen Sociology
942 _hY15:6.273.N8, M5
_cGB
_2CC
999 _c648781
_d648781